Vista normal
Vista MARC
Entrada Personal Name
Número de registros utilizados en: 1
001 - CONTROL NUMBER
- control field: 9354
003 - CONTROL NUMBER IDENTIFIER
- control field: DLC
005 - DATE AND TIME OF LATEST TRANSACTION
- control field: 20210204140822.0
008 - FIXED-LENGTH DATA ELEMENTS
- fixed length control field: 890911n| acannaab| |n aaa |||
010 ## - LIBRARY OF CONGRESS CONTROL NUMBER
- LC control number: n 88294947
040 ## - CATALOGING SOURCE
- Original cataloging agency: DLC
- Transcribing agency: Mx-PuUPA
- Modifying agency: DLC
- Modifying agency: Mx-PuUPA
- Language of cataloging: spa
- Description conventions: rda
046 ## - SPECIAL CODED DATES
- Birth date: 1947
100 10 - HEADING--PERSONAL NAME
- Personal name: Dunham, William,
- Dates associated with a name: 1947-
370 ## - ASSOCIATED PLACE
- Place of birth: Pittsburgh, Pensilvania, Estados Unidos
- Associated country: Estados Unidos
372 ## - FIELD OF ACTIVITY
- Field of activity: Matemáticas
373 ## - ASSOCIATED GROUP
- Associated group: Universidad Estatal de Ohio
- Associated group: Universidad de Pittsburgh
374 ## - OCCUPATION
- Occupation: Autor
- Occupation: Profesor
- Occupation: historiador de la matemática
375 ## - GENDER
- Gender: hombre
377 ## - ASSOCIATED LANGUAGE
- Language code: eng
670 ## - SOURCE DATA FOUND
- Source citation: His Journey through genius, c1990:
- Information found: CIP t.p. (William Dunham) data sheet (b. 12-8-47)
670 ## - SOURCE DATA FOUND
- Source citation: Euler The Master of Us All, 1999:
- Information found: portada ( Wiiliam Dunham)
678 ## - BIOGRAPHICAL OR HISTORICAL DATA
- Biographical or historical data: William Dunham es un escritor estadounidense originalmente dedicado al área matemática de la topología, pero que finalmente canalizó sus intereses hacia la historia de la matemática. Ha recibido muchos premios como escritor y profesor en este tema. Wikipedia